000 00670nam a2200277Ia 4500
005 20260324133159.0
008 008 260324s9999 xx 000 0 eng d
020 _a9781003556213
037 _aEBOOK
040 _aCRL
040 _beng
040 _cCRL
041 _2eng
041 _aeng
084 _qCRL
100 _aStephen Bonta
_91192095
245 0 _aStudies in Italian Sacred and Instrumental Music in the 17th Century
260 _bTaylor and Francis
260 _c2003
365 _a
365 _b230
856 _uhttp://www.taylorfrancis.com/books/9781003556213
942 _cEBOOK
999 _c1790918
_d1790918